Top 15 Artistes Français - Statistiques

Statistiques générales
  • Ce quiz a été pris 250 fois
  • Le résultat moyen est 5 sur 15
Statistiques - réponses
Auditeurs Artistes % Correct
8,3M Jul
82%
15M Gims
74%
6,4M Ninho
67%
8,1M Aya Nakamura
58%
5,8M Angèle
37%
8,8M Gazo
36%
6,7M Dadju
33%
6,1M SDM
33%
6,7M Tiakola
33%
24,1M Stromae
28%
6,6M Tayc
19%
10,4M Indila
18%
14M Yseult
11%
15,4M Pomme
10%
6,7M Soolking
8%
Aucun quiz correspondant
Distribution des résultats
% des personnes avec chaque résultat
Percentile par nombre de réponses
Votre historique - résultats
Vous n’avez pas pris ce quiz